000 nam a22 7a 4500
999 _c7634
_d7634
008 170923b xxu||||| |||| 00| 0 eng d
100 _94133
_aSachdeva.etal.
245 _aJPH See Physics-XII
260 _aNew delhi
_bJPH
_c2009